India Since 1526 (Record no. 5036)

MARC details
000 -LEADER
fixed length control field 00453cam a2200193ua 4500
001 - CONTROL NUMBER
control field 5887
005 - DATE AND TIME OF LATEST TRANSACTION
control field 20260515113941.0
008 - FIXED-LENGTH DATA ELEMENTS--GENERAL INFORMATION
fixed length control field 131026n ii |||gr||||Z||||||eng
040 ## - CATALOGING SOURCE
Transcribing agency MAIN
082 ## - DEWEY DECIMAL CLASSIFICATION NUMBER
Classification number 954
100 ## - MAIN ENTRY--PERSONAL NAME
Personal name Mahajan, V.D,
Relator term Author.
245 ## - TITLE STATEMENT
Title India Since 1526
Statement of responsibility, etc. by V.D Mahajan
250 ## - EDITION STATEMENT
Remainder of edition statement 16th ed.
260 ## - PUBLICATION, DISTRIBUTION, ETC.
Place of publication, distribution, etc. Delhi:
Name of publisher, distributor, etc. S.Chand &,
Date of publication, distribution, etc. 1986.
300 ## - PHYSICAL DESCRIPTION
Extent 370p.
653 ## - INDEX TERM--UNCONTROLLED
Uncontrolled term South Asia India
653 ## - INDEX TERM--UNCONTROLLED
Uncontrolled term India Since 1526
942 ## - ADDED ENTRY ELEMENTS (KOHA)
Koha item type Books
Holdings
Withdrawn status Lost status Damaged status Not for loan Home library Current library Shelving location Date acquired Total checkouts Full call number Barcode Date last seen Copy number Price effective from Koha item type
        Naharkatiya College Library Naharkatiya College Library General stacks 09/19/2020   954 | MAH 3650 09/19/2020 2 09/19/2020 Books
        Naharkatiya College Library Naharkatiya College Library General stacks 09/19/2020   954 | MAH 3651 09/19/2020 1 09/19/2020 Books